Управление качеством. Всеобщий подход: учебник для академического бакалавриата

Detalles Bibliográficos
Autor Principal: Васин С. Г. Сергей Григорьевич
Autor Corporativo: Государственный университет управления (ГУУ)
Summary:Учебник формирует у студентов теоретические знания и практические навыки в области управления качеством и построения современной системы управления качеством компании в соответствии с требования международных стандартов ИСО серии 9000. Его изучение позволит выработать способности к проектной деятельности в сфере организации системы управления качеством продукции на основе системного подхода, к обоснованию управленческих решений с учетом современных концепций менеджмента качества и рационального использования ресурсов. Представлены и проанализированы основы производственных отношений и принципы управления качеством продукции с учетом технических, финансовых и человеческих факторов; методы решения задач по определению оптимальных соотношений параметров качества и надежности продукции (товаров, услуг) и производства; основные проблемы управления качеством продукции и обеспечения рыночной конкурентоспособности организации, видение взаимосвязи этих проблем. Учебник содержит вопросы для самоконтроля и задания для самостоятельной работы, тесты для проверки знаний. Соответствует Федеральному государственному образовательному стандарту высшего профессионального образования третьего поколения.
Idioma:ruso
Publicado: Москва, Юрайт, 2014
Series:Бакалавр. Академический курс
Subjects:
Formato: Libro
KOHA link:https://koha.lib.tpu.ru/cgi-bin/koha/opac-detail.pl?biblionumber=263651

MARC

LEADER 00000nam0a2200000 4500
001 263651
005 20231101233747.0
010 |a 9785991635332 
035 |a (RuTPU)RU\TPU\book\286639 
090 |a 263651 
100 |a 20140610d2014 m y0rusy50 ca 
101 0 |a rus 
102 |a RU 
105 |a a j 001zy 
200 1 |a Управление качеством. Всеобщий подход  |e учебник для академического бакалавриата  |f С. Г. Васин  |g Государственный университет управления (ГУУ) 
210 |a Москва  |c Юрайт  |d 2014 
215 |a 405 с.  |c ил. 
225 1 |a Бакалавр. Академический курс 
320 |a Библиогр.: с. 402-404. 
330 |a Учебник формирует у студентов теоретические знания и практические навыки в области управления качеством и построения современной системы управления качеством компании в соответствии с требования международных стандартов ИСО серии 9000. Его изучение позволит выработать способности к проектной деятельности в сфере организации системы управления качеством продукции на основе системного подхода, к обоснованию управленческих решений с учетом современных концепций менеджмента качества и рационального использования ресурсов. Представлены и проанализированы основы производственных отношений и принципы управления качеством продукции с учетом технических, финансовых и человеческих факторов; методы решения задач по определению оптимальных соотношений параметров качества и надежности продукции (товаров, услуг) и производства; основные проблемы управления качеством продукции и обеспечения рыночной конкурентоспособности организации, видение взаимосвязи этих проблем. Учебник содержит вопросы для самоконтроля и задания для самостоятельной работы, тесты для проверки знаний. Соответствует Федеральному государственному образовательному стандарту высшего профессионального образования третьего поколения. 
606 1 |a Качество продукции  |x Управление  |2 stltpush  |3 (RuTPU)RU\TPU\subj\14180  |9 40640 
610 1 |a понятия 
610 1 |a менеджмент 
610 1 |a конкурентоспособность 
610 1 |a оценка 
610 1 |a показатели 
610 1 |a признаки 
610 1 |a методы 
610 1 |a стандартизация 
610 1 |a сертификация 
610 1 |a международные стандарты 
610 1 |a TQM 
610 1 |a всеобщее управление качеством 
610 1 |a затраты 
610 1 |a учебники 
675 |a 658.562(075.8)  |v 3 
700 1 |a Васин  |b С. Г.  |g Сергей Григорьевич 
712 0 2 |a Государственный университет управления (ГУУ)  |c (Москва)  |c (1998- )  |2 stltpush  |3 (RuTPU)RU\TPU\col\23 
801 1 |a RU  |b 63413507  |c 20140610 
801 2 |a RU  |b 63413507  |c 20150717  |g RCR 
942 |c BK 
959 |a 102/20140609  |d 5  |e 399,00  |f ЧЗТЛ:1  |f АНЛ:1  |f УФ:3